000 00361nam a2200145Ia 4500
008 150201s2002 xx 000 0 und d
082 _a616
_bE2002J
100 _aJOSEPH, BERTINO
245 _aENCYCLOPEDIA OF CANCER-4
250 _a2ND
260 _bACADEMIC PRESS
_aSEN DIAGO ( U.S.A)
_c2002
300 _a1-629
650 _aORAL PATHOLOGY
942 _2ddc
_cBK
999 _c4399
_d4399